| 000 | 00787nam a2200229 i 4500 | ||
|---|---|---|---|
| 001 | 35364 | ||
| 003 | ES-MaACL | ||
| 005 | 20230906155120.0 | ||
| 007 | t| | ||
| 008 | 030212s1912 sp ||||1| spa d | ||
| 100 | 1 |
_aBosch Miralles, Antonio. _930663 |
|
| 245 | 1 | 0 |
_aInstrucciones sobre las enfermedades rojas del ganado de cerda / _cAntonio Bosch Miralles. |
| 260 |
_aPalma de Mallorca : _b[s.n.], _c1912 ( _fTip.-lit. de Amengual y Muntaner) |
||
| 300 |
_a61 p. ; _c16 cm. |
||
| 490 | 1 | _aCartilla sanitaria | |
| 594 | _aPrecede al tít.: Consejo Provincial de Fomento de Baleares. | ||
| 710 | 2 |
_aConsejo Provincial de Fomento (Baleares) _9141640 |
|
| 830 | 0 |
_aCartilla sanitaria _9181892 |
|
| 852 |
_aES-MaACL _j1657-F-6 |
||
| 852 |
_aES-MaACL _j1650-F-3 |
||
| 999 |
_c35364 _d35364 |
||